000
00292nam a22001337a 4500
008
210521b ||||| |||| 00| 0 eng d
041
_a
eng
080
_a
53
082
_a
53
100
_a
43
101
_a
FIZ
245
_a
Introduction to Special Relativity
_c
Smith,J.H
942
_2
udc
_c
BK
999
_c
57563
_d
57563